A S T M Standards on Industrial Water (Record no. 545153)
[ view plain ]
| 000 -LEADER | |
|---|---|
| fixed length control field | 00396nam a22001337a 4500 |
| 082 ## - DEWEY DECIMAL CLASSIFICATION NUMBER | |
| Classification number | 620.1980287 |
| Author Mark | AME |
| -- | L-36 p-21 |
| 100 ## - MAIN ENTRY--PERSONAL NAME | |
| Personal name | A. S. T. M |
| 9 (RLIN) | 40881 |
| 245 ## - TITLE STATEMENT | |
| Title | A S T M Standards on Industrial Water |
| Remainder of title | A. S. T. M |
| 260 ## - PUBLICATION, DISTRIBUTION, ETC. | |
| Place of publication, distribution, etc. | Baltimore, U. S. A |
| Name of publisher, distributor, etc. | A S T M |
| Date of publication, distribution, etc. | February 1951 |
| 300 ## - PHYSICAL DESCRIPTION | |
| Extent | iii, 160 p. : |
| Other physical details | ill. : |
| 526 ## - STUDY PROGRAM INFORMATION NOTE | |
| Program name | 0 |
| Interest level | 0 |
| Reading level | 0 |
| Title point value | 620_198028700000000_AME |
| 650 ## - SUBJECT ADDED ENTRY--TOPICAL TERM | |
| Topical term or geographic name entry element | MCE |
| 9 (RLIN) | 379 |
| 942 ## - ADDED ENTRY ELEMENTS (KOHA) | |
| Source of classification or shelving scheme | |
| Koha item type | Book |
| Withdrawn status | Lost status | Source of classification or shelving scheme | Damaged status | Not for loan | Permanent Location | Current Location | Date acquired | Total Checkouts | Full call number | Barcode | Date last seen | Price effective from | Koha item type |
|---|---|---|---|---|---|---|---|---|---|---|---|---|---|
| Military College of Engineering (MCE) | Military College of Engineering (MCE) | 05/19/2014 | 620.1980287 AME | MCE-30873 | 05/19/2014 | 05/19/2014 | Book |
